000 00539cas a22001694i 4500
999 _c61260
_d61260
001 768714001
003 CO-MdFUSB
005 20180421082446.0
008 180421s2006 cr ||||| |||| 00| 0 spa d
040 _aCO-MdFUSB
_bspa
_cCO-MdFUSB
_dCO-MdFUSB
041 _aspa
100 1 _aPrince, Derek
_eautor
245 1 0 _aDe la maldición a la bendición
300 _aVolumen 7. Número 4 (2006), páginas 54-58
_c: 28 cm.
773 0 _tConquista Cristiana
_049446
_960307
_gVolumen 7. Número 4 (2006), páginas 54-58
_qpágina 54
942 _cANA